| 000 | 02991nam a2200361 a 4500 | ||
|---|---|---|---|
| 001 | ebr10229590 | ||
| 003 | CaPaEBR | ||
| 006 | m u | ||
| 007 | cr cn||||||||| | ||
| 008 | 070404s2008 maua sb 001 0 eng | ||
| 010 | _z 2007013993 | ||
| 020 | _z9780262550666 (pbk.) | ||
| 020 | _z0262550660 (pbk.) | ||
| 020 | _z9780262050906 | ||
| 020 | _z0262050900 | ||
| 040 |
_aCaPaEBR _cCaPaEBR |
||
| 035 | _a(OCoLC)646747513 | ||
| 043 | _ad------ | ||
| 050 | 1 | 4 |
_aHC60 _b.R353 2008eb |
| 082 | 0 | 4 |
_a338.9109172/4 _222 |
| 245 | 0 | 0 |
_aReinventing foreign aid _h[electronic resource] / _cedited by William Easterly ; forward by Nancy Birdsall ; sponsored by the Center for Global Development. |
| 260 |
_aCambridge, Mass. : _bMIT Press, _cc2008. |
||
| 300 |
_ax, 567 p. : _bill. |
||
| 504 | _aIncludes bibliographical references and index. | ||
| 505 | 0 | _aMaking aid work / Abhijit Banerjee and Ruimin He -- Use of randomization in the evaluation of development effectiveness / Esther Duflo and Michael Kremer -- It pays to be ignorant : a simple political economy of rigorous program evaluation / Lant Pritchett -- Solutions when the solution is the problem : arraying the disarray in development / Lant Pritchett and Michael Woolcock -- Donors and service delivery / Ritva Reinikka -- The illusion of sustainability / Michael Kremer and Edward Miguel -- An aid-institutions paradox? : a review essay on aid dependency and state building in Sub-Saharan Africa / Todd Moss, Gunilla Pettersson, and Nicolas van de Walle -- Why do aid agencies exist? / Bertin Martens -- Absorption capacity and disbursement constraints / Jakob Svensson -- Donor fragmentation / Stephen Knack and Aminur Rahman -- The IMF and economic development / James Raymond Vreeland -- The knowledge bank / Jonathan Morduch -- Debt relief and fiscal sustainability for heavily indebted poor countries / Craig Burnside and Domenico Fanizza -- Making vaccines pay / Michael Kremer -- Can we build a better mousetrap? Three new insitutions designed to improve aid effectiveness / Steven Radelet and Ruth Levine -- Competing with central planning : marketplaces for international aid / Dennis Whittle and Mari Kuraishi -- Placing enterprise and business thinking at the heart of the war on poverty / Kurt Hoffman -- Avoid hubris: and other lessons for reformers / John McMillan -- Seven deadly sins: reflections on donor fallings / Nancy Birdsall. | |
| 533 |
_aElectronic reproduction. _bPalo Alto, Calif. : _cebrary, _d2013. _nAvailable via World Wide Web. _nAccess may be limited to ebrary affiliated libraries. |
||
| 650 | 0 |
_aEconomic assistance _zDeveloping countries _xEvaluation. |
|
| 650 | 0 |
_aEconomic development projects _zDeveloping countries _xEvaluation. |
|
| 655 | 7 |
_aElectronic books. _2local |
|
| 700 | 1 |
_aEasterly, William, _d1957- |
|
| 710 | 2 | _aebrary, Inc. | |
| 856 | 4 | 0 |
_uhttp://site.ebrary.com/lib/rucke/Doc?id=10229590 _zAn electronic book accessible through the World Wide Web; click to view |
| 999 |
_c153207 _d153207 |
||